000 00698nam a2200205 a 4500
005 20210223120836.0
008 991125s1972 es 000 0 spa u
035 _aUPN01000008203
049 _aCG
050 4 _aPQ245
_bR6.38
100 1 _aRousset, Jean,
_d1910-
245 1 0 _aCirce y el pavo real :
_bla literatura francesa del barroco /
_cJean Rousset ; tr. Jordi Marfa.
260 _aBarcelona (Esp.) :
_bSeix Barral,
_c1972.
300 _a382 p.
440 0 _aBiblioteca breve ;
_v341.
_pEnsayos
650 4 _aLITERATURA BARROCA -
_xHISTORIA Y CRITICA
_919446
650 4 _aLITERATURA FRANCESA -
_ySIGLO XVI
650 4 _aLITERATURA FRANCESA -
_xSIGLO XVII -
_xHISTORIA Y CRITICA
905 _aLibro
999 _c8203
_d8203